Most Valuable Brands - Statistics

General Stats
  • This quiz has been taken 33 times
  • The average score is 9 of 20
Answer Stats
Value Brand % Correct
$205.5 B Apple
97%
$125.3 B Microsoft
81%
$167.7 B Google
77%
$53.1 B Samsung
77%
$97 B Amazon
68%
$88.9 B Facebook
58%
$59.2 B Coca-Cola
55%
$43.8 B McDonald's
55%
$44.6 B Toyota
48%
$36.8 B Nike
39%
$33.2 B Mercedes-Benz
35%
$34.3 B GE
23%
$31.5 B IBM
23%
$38.8 B Intel
23%
$41.3 B AT&T
19%
$52.2 B Disney
19%
$39.3 B Louis Vuitton
16%
$32.2 B Oracle
16%
$31.7 B Verizon
16%
$34.5 B Cisco
10%
No matching quizzes found
Score Distribution
Percent of People with Each Score
Percentile by Number Answered
Your Score History
You have not taken this quiz